Every Don Toliver Song (Including OCTANE) - Statistics

General Stats
  • This quiz has been taken 20 times
  • The average score is 51 of 111
Answer Stats
Answer % Correct
E85
92%
BANDIT
85%
Body
85%
Gemstone
85%
KRYPTONITE
85%
No Pole
85%
Rendezvous
85%
Rosary
85%
Tiramisu
85%
TORE UP
85%
ATM
77%
Call Back
77%
Cardigan
77%
K9
77%
No Idea
77%
Pleasure's Mine
77%
Secondhand
77%
4X4
69%
All The Signs
69%
BROTHER STONE
69%
Long Way To Calabasas
69%
Private Landing
69%
Tuition
69%
You
69%
After Party
62%
Diva
62%
Embarrassed
62%
Euphoria
62%
Excavator
62%
Flocky Flocky
62%
FWU
62%
Heaven or Hell
62%
ICE AGE
62%
Luckily I'm Having
62%
NEW DROP
62%
OPPOSITE
62%
Sweet Home
62%
TMU
62%
5X
54%
DEEP IN THE WATER
54%
DONNY DARKO
54%
NO COMMENTS
54%
No Photos
54%
XSCAPE
54%
5 TO 10
46%
ATTITUDE
46%
Bus Stop
46%
Can't Feel My Legs
46%
Company
46%
Company Pt 2
46%
Company Pt. 3
46%
Geronimo
46%
GLOCK
46%
INSIDE
46%
LOVE IS A DRUG
46%
OUTERSPACE
46%
PURPLE RAIN
46%
ROCKSTAR GIRL
46%
Swangin' On Westheimer
46%
Wasted
46%
Way Bigger
46%
4 Me
38%
AMG
38%
BACKSTREETS
38%
BOGUS
38%
Drugs N Hella Melodies
38%
GEEKED UP
38%
Had Enough
38%
HARDSTONE NATIONAL ANTHEM
38%
Holdin' Steel
38%
If I Had
38%
LAST LAUGH
38%
Leather Coat
38%
LV Bag
38%
Spaceship
38%
2AM
31%
Backend
31%
Candy
31%
Cinderella
31%
CREEPIN
31%
Crossfaded
31%
Diamonds
31%
Do It Right
31%
Leave the Club
31%
LoveSickness
31%
Situation
31%
Smoke
31%
Time Heals All
31%
VELOUR
31%
What You Need
31%
Best You Had
23%
Go Down
23%
Honeymoon
23%
Let Her Go
23%
Slow Motion
23%
Video Girl
23%
2 Lil Shorty
15%
Around
15%
Bang Bang
15%
CANT STOP
15%
Double Standards
15%
Encouragement
15%
Lose My Mind
15%
Talk No More
15%
Back Up
8%
Clap
8%
Issues
8%
Run Up
8%
Fast Lane
0%
Get Throwed
0%
Mamma Mia
0%
No matching quizzes found
Score Distribution
Percent of People with Each Score
Percentile by Number Answered
Your Score History
You have not taken this quiz